000 00336 a2200109 4500
001 ART_55566
005 20260410161829.0
008 260409a
245 1 0 _aRetenciones con tipo de cambio flexible
100 1 _aBeker, Víctor Alberto
773 0 _tEstudios Económicos
_g- Vol. 36, Nº 73 (jul./dic. 2019)
_wREV5080
999 _c23083
_d23083